The age of the network : Organizing principles for the 21st century

Đã lưu trong:
Sonraí Bibleagrafaíochta
Príomhúdar: Lipnack, Jessica
Formáid: Leabhar
Teanga:Undetermined
Foilsithe: Omneo 1994
Ábhair:
Clibeanna: Cuir Clib Leis
Gan Chlibeanna, Bí ar an gcéad duine leis an taifead seo a chlibeáil!
Thư viện lưu trữ: Trung tâm Học liệu Trường Đại học Cần Thơ
LEADER 00583nam a2200181Ia 4500
001 CTU_99224
008 210402s9999 xx 000 0 und d
082 |a 685.042 
082 |b L764 
100 |a Lipnack, Jessica 
245 4 |a The age of the network : 
245 0 |b Organizing principles for the 21st century 
245 0 |c Jessica Lipnack, Jeffrey Stamps 
260 |b Omneo 
260 |c 1994 
650 |a Interorganizational relations,Teams in the workplace,Strategic alliances (business) 
904 |i Truc, Q. Hieu 
980 |a Trung tâm Học liệu Trường Đại học Cần Thơ